Osteuropa - Geschichtsdenken im Umbruch
| Titel: | Osteuropa - Geschichtsdenken im Umbruch |
|---|---|
| Verfasser: | |
| In: |
Damals, Band 28, Heft 10 (1996), Seite 40-42 alle Artikel anzeigen |
| Veröffentlicht: | 1996 |
| Format: | Aufsatz |
| Sprache: | Deutsch |
X
alg: 39164224 001A $01999:11-11-16 001B $01999:12-03-21 $t19:05:21.000 001C $06050:19-11-16 $t09:16:16.000 001D $01999:11-11-16 001U $0utf8 001X $00 002@ $0Aox 003@ $0391642243 007A $0391642243 $aHEB 007T $0Herd68256 010@ $ager 011@ $a1996 021A $aOsteuropa - Geschichtsdenken im Umbruch 028A $#Jaworski, R. $7121416062 $8Jaworski, Rudolf$Z1944- [Tp1] $9152801359 031A $d28 $e10 $h40-42 $j1996 039B $aIn $8--Abvc--. Damals. - Leinfelden-Echterdingen : Konradin, 1969-. - ISSN 0011-5908 $x199600000280010960 $9047713682 045F $a907.209437 $eDDC23BSB 045F/01 $a907.2 045F/03 $g437 045T $a8 lok: 39164224 78 exp: 39164224 78 1 #EPN 201B/01 $019-04-17 $t10:18:54.000 201U/01 $0utf8 203@/01 $0787736767 208@/01 $a11-11-16 $be 209A/01 $a/ $f000 $x00 220C/01 $aTitelaufnehmer: sk;wr 220C/01 $aAnmerkung: ng 244Z/01 $2Trx $#Kesk- ja Ida- Euroopa kontseptsioonid $#Vidurio Europos koncepcijos $#East-Central Europe $#Keletközépeurópa-eszmék $#Europa Środkowo-Wschodnia koncepcje $#Európa stredovýchodná koncepcie $#Evropa střední, východní část koncepce $#Mitteleuropa $#Osteuropakonzeptionen $#Europa Środkowa koncepcje $#Stredná Európa koncepcie $#Střední Europa koncepce $8--Trx--Ostmitteleuropakonzeptionen $x01 $9391364286 244Z/01 $2Trx $#Ida-Euroopa uuringud $#Rytų Europos tyrimai $#Eastern European studies $#keleteurópai tanulmányok $#badania wschodnio-europejskie $#výskumy východoeurópske $#bádání východoevropské $8--Trx--Osteuropaforschung $x02 $9391357492 244Z/01 $2Trx $#ajalooline teadlikkus $#istorinė sąmonė $#Historical consciousness $#történelmi eszmék $#świadomość historyczna $#vedomie historické $#vědomí historické $#Bewußtsein, historisches $#Erinnerungskultur $#kultura historyczna $#historické vedomie $8--Trx--Geschichtsbewußtsein $x03 $9391380877 244Z/01 $2Trx $8--Trx--Zeitschriftenaufsatz $x04 $9391384341 245Z/01 $a01.04 $x01 247C/01 $82080>Marburg/Lahn, Herder-Institut, Forschungsbibliothek, Bibliographieportal $9336309341
| LEADER | 00000caa a22000002c 4500 | ||
|---|---|---|---|
| 001 | 391642243 | ||
| 003 | DE-603 | ||
| 005 | 20210312190521.0 | ||
| 007 | tu | ||
| 008 | 161111s1996 xx |||| | u00||u|ger c | ||
| 035 | |a (DE-599)HEB391642243 | ||
| 040 | |a DE-603 |b ger |c DE-603 |d DE-603 | ||
| 041 | |a ger | ||
| 082 | 0 | 4 | |8 1\u |a 907.209437 |q DE-101 |2 23/BSB |
| 084 | |a 8 |2 ssgn | ||
| 085 | |8 1\u |b 907.2 | ||
| 085 | |8 1\u |z 2 |s 437 | ||
| 100 | 1 | |a Jaworski, Rudolf |d 1944- |0 (DE-603)152801359 |0 (DE-588)121416062 |2 gnd | |
| 245 | 0 | 0 | |a Osteuropa - Geschichtsdenken im Umbruch |
| 264 | 0 | |c 1996 | |
| 773 | 0 | 8 | |i In |t Damals |d Leinfelden-Echterdingen : Konradin, 1969- |h 28 cm |x 0011-5908 |g Band 28, Heft 10 (1996), Seite 40-42 |w (DE-603)047713682 |w (DE-600)512126-7 |
| 924 | 0 | |9 2080 |a (DE-603)787736767 |b DE-2080 |c HES |d d |g / | |


